Aminoacidos condicionalmente indispensables en la alimentacion enteral (glutamina, cistina, cisteina, tirosina, arginina, ornitina, taurina) y el concepto dipeptidos (Registro nro. 201014)
[ vista simple ]
| 001 - NÚMERO DE CONTROL | |
|---|---|
| campo de control | 664164 |
| 005 - FECHA Y HORA DE LA ÚLTIMA TRANSACCIÓN | |
| campo de control | 20240201163503.0 |
| 008 - DATOS DE LONGITUD FIJA--INFORMACIÓN GENERAL | |
| campo de control de longitud fija | 010515s2000 spa |
| 035 ## - NÚMERO DE CONTROL DEL SISTEMA | |
| Número de control de sistema | 664164 |
| 035 ## - NÚMERO DE CONTROL DEL SISTEMA | |
| Número de control de sistema | (OCoLC)819907683 |
| 040 ## - FUENTE DE LA CATALOGACIÓN | |
| Centro/agencia transcriptor | comduadb |
| 041 ## - CÓDIGO DE LENGUA | |
| Código de lengua del texto/banda sonora o título independiente | spa |
| 100 10 - ENTRADA PRINCIPAL--NOMBRE DE PERSONA | |
| Nombre de persona | Furst, Peter T. |
| Código de función | aut |
| Término indicativo de función/relación | Autor/a |
| 9 (RLIN) | 255159 |
| 245 10 - MENCIÓN DE TÍTULO | |
| Título | Aminoacidos condicionalmente indispensables en la alimentacion enteral (glutamina, cistina, cisteina, tirosina, arginina, ornitina, taurina) y el concepto dipeptidos |
| 650 #7 - PUNTO DE ACCESO ADICIONAL DE MATERIA--TÉRMINO DE MATERIA | |
| Término de materia o nombre geográfico como elemento de entrada | Aminoácidos |
| Fuente del encabezamiento o término | dcs |
| 9 (RLIN) | 2097 |
| 650 ## - PUNTO DE ACCESO ADICIONAL DE MATERIA--TÉRMINO DE MATERIA | |
| Término de materia o nombre geográfico como elemento de entrada | Nutrición enteral |
| 9 (RLIN) | 19095 |
| 650 ## - PUNTO DE ACCESO ADICIONAL DE MATERIA--TÉRMINO DE MATERIA | |
| Término de materia o nombre geográfico como elemento de entrada | Atención nutricional |
| 9 (RLIN) | 17893 |
| 773 0# - ENLACE AL DOCUMENTO FUENTE/ENTRADA DE REGISTRO ANFITRIÓN | |
| Título | Lecturas sobre Nutrición (Bogotá) |
| Parte(s) relacionada(s) | No. 28, 2000, p. 23-40 |
| Número de control del registro | 348449 |
| Número Internacional Normalizado para Publicaciones Seriadas | 0122-5634 |
| Número bibliográfico anfitrión | 111892 |
| 942 ## - ELEMENTOS DE ENTRADA AGREGADA (KOHA) | |
| Tipo de ítem Koha | Artículo de Revista |
No hay ítems disponibles.